Исторический опыт освоения Сибири. Вып. 1: Освоение Сибири с древнейших времен до октября 1917 года (Запись № 6940852)

Подробности
000 -МАРКЕР
контрольное поле 01376nam2a22002411 4500
001 - ИДЕНТИФИКАТОР ЗАПИСИ
контрольное поле rc\626843
005 - ИДЕНТИФИКАТОР ВЕРСИИ
контрольное поле 20250621231456.0
035 ## - ДРУГИЕ СИСТЕМНЫЕ НОМЕРА
Идентификатор записи (NLR Aleph) 005971590
100 ## - ДАННЫЕ ОБЩЕЙ ОБРАБОТКИ
Данные общей обработки 20031121d1986 |||y0rusy50 ca
101 0# - ЯЗЫК РЕСУРСА
Язык текста, звукозаписи и т.д. русский
102 ## - СТРАНА ПУБЛИКАЦИИ ИЛИ ПРОИЗВОДСТВА
Страна публикации Российская Федерация
105 ## - ПОЛЕ КОДИРОВАННЫХ ДАННЫХ: ТЕКСТОВЫЕ МАТЕРИАЛЫ, МОНОГРАФИЧЕСКИЕ
Кодированные данные о монографическом текстовом документе y |||||||||
200 1# - ЗАГЛАВИЕ И СВЕДЕНИЯ ОБ ОТВЕТСТВЕННОСТИ
Основное заглавие Освоение Сибири с древнейших времен до октября 1917 года
210 ## - ПУБЛИКАЦИЯ, РАСПРОСТРАНЕНИЕ И ДР.
Дата издания, распространения и т.д. 1986
Место издания, распространения и т.д. Б. м.
215 ## - ФИЗИЧЕСКАЯ ХАРАКТЕРИСТИКА
Специфическое обозначение материала и объем 173 с.
320 ## - ПРИМЕЧАНИЯ О НАЛИЧИИ В ДОКУМЕНТЕ БИБЛИОГРАФИИ / УКАЗАТЕЛЯ
Текст примечания Библиогр. в примеч. в конце докл.
461 #0 - УРОВЕНЬ НАБОРА
Встроенное поле 001rc\626842
-- 2001#$aИсторический опыт освоения Сибири$eТез. докл. всесоюз. науч. конф. "Ист. опыт изуч. и освоения Сибири", Новосибирск, 14-16 окт. 1986 г.$f[Редкол.: Р.С. Васильевский (отв. ред.) и др.]$vВып. 1
Системный номер (АБИС) связанной записи 6940845
Место публикации Новосибирск
Дата публикации 1986-
Первые сведения об ответственности [Редкол.: Р.С. Васильевский (отв. ред.) и др.]
Имя издателя, распространителя и т.д. Б. и.
Сведения, относящиеся к заглавию Тез. докл. всесоюз. науч. конф. "Ист. опыт изуч. и освоения Сибири", Новосибирск, 14-16 окт. 1986 г.
Заглавие Исторический опыт освоения Сибири
Номер тома Вып. 1
801 #0 - ИСТОЧНИК ЗАПИСИ
Страна Российская Федерация
Организация NLR
Правила каталогизации psbo
801 #1 - ИСТОЧНИК ЗАПИСИ
Страна Российская Федерация
Организация ELAR
Источник данных rusmarc
852 ## - МЕСТОНАХОЖДЕНИЕ И ШИФР ХРАНЕНИЯ
Идентификатор организации NLR
Шифр хранения (Call Number) 86-3/11799
942 ## - ДОПОЛНИТЕЛЬНЫЕ ЭЛЕМЕНТЫ ЗАПИСИ (АБИС)
Тип экземпляра АБИС Книга
980 ## - КОЛЛЕКЦИЯ
Название коллекции Национальная библиография
Экземпляры
Тип экземпляра Дата поступления Библиотека постоянного хранения Библиотека текущего хранения Место хранения Шифр хранения Штрих-код Статус экземпляра
Книга 26.10.2013 РНБ (Московский) РНБ (Московский) Русский книжный фонд: издания с 1957 года 86-3/11799 1-1500466